000 01341nkm a2200301 i 4500
001 4144
003 ES-MaACL
005 20250713062934.0
007 khrbo
008 070628s1987 sp --- g |001||spa d
100 0 _aAlfonso,
_d1902-1990
_919858
245 1 0 _aHace 55 años en el Ateneo de Madrid [
_hFotografía] /
_cAlfonso (sello).
260 _a[S.l. :
_bs.n.],
_c1987.
300 _a2 fot. :
_bb. y n. ;
_c12 x 18 cm.
490 1 _aCiclo sobre bibliotecas madrileñas
500 _aDatos basados en invitación.
500 _aApertura del Ciclo sobre biblotecas madrileñas.
511 0 _aInterviene: José Prat García.
518 _aActo organizado por el Ateneo de Madrid en colaboración con la Asociación Madrileña de Estudios Bibliotecarios (AMEB), celebrado en el salón de actos el lunes, 16 de noviembre de 1987, a las 19:30 h.
600 1 4 _aPrat, José,
_d1905-1994
_993665
610 2 4 _aAteneo de Madrid-
_xActos culturales-
_y1987-
_vFotografías.
_91902
710 2 _aAteneo de Madrid.
_91875
710 2 _aAsociación Madrileña de Estudios Bibliotecarios.
_91747
830 0 _aCiclo sobre bibliotecas madrileñas
_9226869
852 _aES-MaACL
_jFOT 209/1987
856 4 _uhttp://www.ateneodemadrid.net/biblioteca_digital/imagenes/1987/0209-1987.jpg
_zVer imagen
999 _c4144
_d4144